[Event "Polanica Zdroj op-A 41st"]
[Site "Polanica Zdroj"]
[Date "2005.08.24"]
[Round "6"]
[White "Lutz, Eric"]
[Black "Kubit, Tomasz"]
[Result "1-0"]
[WhiteElo "2179"]
[BlackElo "2130"]
[PlyCount "50"]
[EventDate "2005.08.19"]
[EventType "swiss"]
[EventRounds "10"]
[EventCountry "POL"]
[SourceTitle "CBM 108 Extra"]
[Source "ChessBase"]
[SourceDate "2005.11.04"]
[SourceVersion "1"]
[SourceVersionDate "2005.11.04"]
[SourceQuality "1"]

1. e4 d5 2. exd5 Nf6 3. Bb5+ Bd7 4. Be2 Nxd5 5. d4 Bf5 6. Nf3 e6 7. a3 Be7 8. 0-0 0-0 9. c4 Nb6 10. h3 h6 11. Be3 Bf6 12. b4 Nc6 13. Nc3 Qe7 14. Ra2 Rad8 15. Rd2 e5 16. dxe5 Rxd2 17. Qxd2 Nxe5 18. Bc5 Nexc4 19. Bxc4 Nxc4 20. Qf4 Nd6 21. Nd5 Qe4 22. Nxf6+ gxf6 23. Qxh6 Bg6 24. Re1 Qc4 25. h4 Nf5 1-0

[Event "Polanica Zdroj op-A 41st"]
[Site "Polanica Zdroj"]
[Date "2005.08.20"]
[Round "2"]
[White "Lutz, Eric"]
[Black "Stachanczyk, Jacek"]
[Result "1-0"]
[WhiteElo "2179"]
[BlackElo "2147"]
[PlyCount "50"]
[EventDate "2005.08.19"]
[EventType "swiss"]
[EventRounds "10"]
[EventCountry "POL"]
[SourceTitle "CBM 108 Extra"]
[Source "ChessBase"]
[SourceDate "2005.11.04"]
[SourceVersion "1"]
[SourceVersionDate "2005.11.04"]
[SourceQuality "1"]

1. f4 e5 2. e4 exf4 3. Nf3 d5 4. exd5 Nf6 5. Nc3 Bd6 6. Bb5+ c6 7. Qe2+ Kd7 8. 0-0 cxb5 9. Qxb5+ Ke7 10. d4 Nbd7 11. Bxf4 Bxf4 12. Qb4+ Bd6 13. Rae1+ Kf8 14. Qxd6+ Kg8 15. Re7 Ne8 16. Qa3 Nf8 17. Rxf7 Nd6 18. Ne5 Nxf7 19. Nxf7 Qe8 20. Nxh8 Qe3+ 21. Kh1 Bf5 22. Nf7 Kxf7 23. Rxf5+ Kg8 24. Qe7 Ng6 25. Qxb7 Re8 1-0

[Event "Polanica Zdroj op-A 41st"]
[Site "Polanica Zdroj"]
[Date "2005.08.19"]
[Round "1"]
[White "Gajewski, Grzegorz"]
[Black "Lutz, Eric"]
[Result "1-0"]
[WhiteElo "2396"]
[BlackElo "2179"]
[PlyCount "47"]
[EventDate "2005.08.19"]
[EventType "swiss"]
[EventRounds "10"]
[EventCountry "POL"]
[SourceTitle "CBM 108 Extra"]
[Source "ChessBase"]
[SourceDate "2005.11.04"]
[SourceVersion "1"]
[SourceVersionDate "2005.11.04"]
[SourceQuality "1"]

1. Nf3 d5 2. g3 c6 3. Bg2 Bg4 4. 0-0 Nd7 5. d3 e5 6. c4 Ngf6 7. cxd5 Nxd5 8. d4 e4 9. Ng5 e3 10. Ne4 exf2+ 11. Nxf2 Bh5 12. Nc3 Nxc3 13. bxc3 Bd6 14. Ne4 Be7 15. d5 0-0 16. d6 Bf6 17. Rb1 Re8 18. Rxb7 Rxe4 19. Bxe4 Nc5 20. Rb4 Bxc3 21. Bxh7+ Kxh7 22. Qc2+ Kg8 23. Qxc3 Qxd6 24. Rd4 1-0

[Event "FRA-chT Poule Basse"]
[Site "Belfort"]
[Date "2004.05.10"]
[Round "10"]
[White "Lutz, Eric"]
[Black "Mallet, Lionel"]
[Result "1-0"]
[WhiteElo "2106"]
[BlackElo "2082"]
[PlyCount "123"]
[EventDate "2004.05.08"]
[EventType "team-tourn"]
[EventRounds "4"]
[EventCountry "FRA"]
[SourceTitle "EXT 2005"]
[Source "ChessBase"]
[SourceDate "2004.11.15"]
[SourceVersion "1"]
[SourceVersionDate "2004.11.15"]
[SourceQuality "1"]
[WhiteTeam "Bischwiller"]
[BlackTeam "Strasbourg"]
[WhiteTeamCountry "FRA"]
[BlackTeamCountry "FRA"]

1. f4 d5 2. Nf3 Bg4 3. e3 c6 4. d4 e6 5. Bd3 Bd6 6. 0-0 Nf6 7. c3 Nbd7 8. Qc2 Bxf3 9. Rxf3 c5 10. Nd2 Qc7 11. g3 Rc8 12. Qd1 0-0 13. Rf2 g6 14. Qf3 Qb6 15. g4 Kg7 16. Nf1 Rc7 17. Ng3 h6 18. g5 Ng8 19. h4 cxd4 20. exd4 f5 21. h5 hxg5 22. fxg5 Bxg3 23. Qxg3 gxh5 24. Bf4 Rc6 25. Qh2 Kg6 26. Be2 Kf7 27. Re1 Ke7 28. Bf3 Kd8 29. Qxh5 Kc8 30. Rfe2 Ne7 31. Qh7 Kd8 32. Kf1 Qb5 33. Bh5 Qd3 34. Kg2 e5 35. Bxe5 Re6 36. Bf4 Re4 37. Bd6 f4 38. Rxe4 dxe4 39. Qxe7+ Kc8 40. Qxe4 Qg3+ 41. Kf1 Qh3+ 42. Qg2 Qxh5 43. Bxf8 Nxf8 44. Re7 Qd1+ 45. Kf2 Qc2+ 46. Kg1 Qd1+ 47. Kh2 Nd7 48. g6 f3 49. g7 fxg2 50. g8Q+ Kc7 51. Qxg2 Kd8 52. Qe2 Qa4 53. b3 Qc6 54. Re8+ Kc7 55. Qc4 Qxc4 56. bxc4 Nb6 57. Re7+ Kc8 58. Re5 Kd7 59. Rb5 Kc7 60. Kg3 a6 61. Rxb6 Kxb6 62. Kf4 1-0

[Event "FRA-chT2b 0304"]
[Site "France"]
[Date "2004.04.04"]
[Round "11"]
[White "Lutz, Eric"]
[Black "Julian, Stephane"]
[Result "1-0"]
[WhiteElo "2111"]
[BlackElo "2160"]
[PlyCount "55"]
[EventDate "2003.10.??"]
[EventType "team"]
[EventRounds "11"]
[EventCountry "FRA"]
[SourceTitle "EXT 2005"]
[Source "ChessBase"]
[SourceDate "2004.11.15"]
[SourceVersion "1"]
[SourceVersionDate "2004.11.15"]
[SourceQuality "1"]

1. f4 d5 2. Nf3 c5 3. e3 g6 4. d4 cxd4 5. exd4 Bg7 6. Bd3 Bg4 7. c3 e6 8. Qa4+ Nc6 9. Ne5 Bxe5 10. fxe5 Qh4+ 11. g3 Qh3 12. Bf1 Qh5 13. Bb5 Nge7 14. 0-0 0-0 15. Nd2 Nf5 16. Re1 Nce7 17. Nf1 f6 18. Qc2 Ng7 19. exf6 Rxf6 20. Be2 Raf8 21. Bf4 g5 22. Bxg4 Qxg4 23. Be5 Rf3 24. Qg2 Qf5 25. Ne3 Qd3 26. Ng4 h5 27. Bxg7 Kxg7 28. Ne5 1-0